For King and Country - Shoulders - Statistics

General Stats
  • This quiz has been taken 15 times
  • The average score is 125 of 173
Answer Stats
Answer % Correct
come
100%
Does
100%
from
100%
I
100%
my
100%
My
100%
the
100%
and
88%
And
88%
comes
88%
for
88%
look
88%
me
88%
mountains
88%
mountains?
88%
No,
88%
no
88%
to
88%
up
88%
When
88%
All
75%
are
75%
carry
75%
companion
75%
find
75%
God
75%
help
75%
holds
75%
know
75%
know,
75%
ransom
75%
shoulders
75%
that
75%
You
75%
you
75%
Your
75%
brokenness
63%
comfort
63%
confusion's
63%
despair
63%
earth,
63%
fear
63%
feel
63%
heaven
63%
here
63%
here,
63%
I'm
63%
in
63%
near
63%
Oh,
63%
on
63%
pulling
63%
right
63%
sickness,
63%
strength
63%
through
63%
valley
63%
weakness,
63%
will
63%
You're
63%
believe
50%
caught
50%
'Cause
50%
'cause
50%
chaos
50%
company
50%
deep
50%
don't
50%
Don't
50%
fortress
50%
have
50%
I'll
50%
is
50%
it
50%
it,
50%
lifting
50%
made
50%
mercy
50%
relentless
50%
rescue
50%
rest,
50%
see
50%
Who
50%
With
50%
forgiveness
38%
it's
38%
laughter
38%
mend
38%
once
38%
shattered
38%
tears
38%
true
38%
turn
38%
was
38%
what
38%
No matching quizzes found
Score Distribution
Percent of People with Each Score
Percentile by Number Answered
Your Score History
You have not taken this quiz